Psychology and the cross : (Record no. 38332)
[ view plain ]
| 000 -LEADER | |
|---|---|
| fixed length control field | 00909nam a2200265Ia 4500 |
| 001 - CONTROL NUMBER | |
| control field | 38838283 |
| 003 - CONTROL NUMBER IDENTIFIER | |
| control field | OSt |
| 005 - DATE AND TIME OF LATEST TRANSACTION | |
| control field | 20150604111701.0 |
| 008 - FIXED-LENGTH DATA ELEMENTS--GENERAL INFORMATION | |
| fixed length control field | 980324s1995 cauac b 000 0 eng d |
| 020 ## - INTERNATIONAL STANDARD BOOK NUMBER | |
| International Standard Book Number | 0965074005 |
| 090 ## - LOCALLY ASSIGNED LC-TYPE CALL NUMBER (OCLC); LOCAL CALL NUMBER (OCLC) | |
| Classification number (OCLC) (R) ; Classification number, CALL (RLIN) (NR) | BF80.7.U62 |
| Local cutter number (OCLC) ; Book number/undivided call number, CALL (RLIN) | F8 1995 |
| 090 ## - LOCALLY ASSIGNED LC-TYPE CALL NUMBER (OCLC); LOCAL CALL NUMBER (OCLC) | |
| Classification number (OCLC) (R) ; Classification number, CALL (RLIN) (NR) | BF80.7.U62 |
| Local cutter number (OCLC) ; Book number/undivided call number, CALL (RLIN) | F8 1995 |
| 100 1# - MAIN ENTRY--PERSONAL NAME | |
| Personal name | Malony, H. Newton. |
| 245 10 - TITLE STATEMENT | |
| Title | Psychology and the cross : |
| Remainder of title | the early history of Fuller Seminary's School of Psychology / |
| Statement of responsibility, etc | by H. Newton Malony ; in collaboration with Hendrika Vande Kemp. |
| 260 ## - PUBLICATION, DISTRIBUTION, ETC. (IMPRINT) | |
| Place of publication, distribution, etc | Pasadena, Calif. : |
| Name of publisher, distributor, etc | Fuller Seminary Press, |
| Date of publication, distribution, etc | 1995. |
| 300 ## - PHYSICAL DESCRIPTION | |
| Extent | ix, 259 p. : |
| Other physical details | ill., ports. ; |
| Dimensions | 22 cm. |
| 336 ## - CONTENT TYPE | |
| Source | rdacontent |
| 337 ## - MEDIA TYPE | |
| Source | rdamedia |
| 338 ## - CARRIER TYPE | |
| Source | rdacarrier |
| 500 ## - GENERAL NOTE | |
| General note | Includes bibliographical references. |
| 610 20 - SUBJECT ADDED ENTRY--CORPORATE NAME | |
| Corporate name or jurisdiction name as entry element | Fuller Theological Seminary. |
| Subordinate unit | School of Psychology. |
| 650 #0 - SUBJECT ADDED ENTRY--TOPICAL TERM | |
| Topical term or geographic name as entry element | Psychology |
| General subdivision | Study and teaching. |
| 650 #0 - SUBJECT ADDED ENTRY--TOPICAL TERM | |
| Topical term or geographic name as entry element | Christianity |
| General subdivision | Psychology. |
| 942 ## - ADDED ENTRY ELEMENTS (KOHA) | |
| Source of classification or shelving scheme | Library of Congress Classification |
| Withdrawn status | Lost status | Source of classification or shelving scheme | Damaged status | Not for loan | Home library | Current library | Shelving location | Date acquired | Source of acquisition | Cost, normal purchase price | Inventory number | Total Checkouts | Full call number | Barcode | Date last seen | Price effective from | Koha item type |
|---|---|---|---|---|---|---|---|---|---|---|---|---|---|---|---|---|---|
| Library of Congress Classification | BSOP Library | BSOP Library | GC | 06/04/2015 | 90.00 | 37172 | BF80.7 .U62 M29p | 00045272 | 06/04/2015 | 06/04/2015 | Books |
